| 000 | 00349nam a22001457a 4500 | ||
|---|---|---|---|
| 003 | SGT | ||
| 020 | _a9780198072201 | ||
| 082 | _a346.016 609 54,AGN | ||
| 100 | _aAGNS, FLAVIA | ||
| 245 | _aFAMILY LAW MARIAGE DIVORCE AND MATRIMONIAL LITIGATION | ||
| 260 |
_aNEW DELHI _bOXFORD _c2011 |
||
| 300 | _a377 | ||
| 650 | _aFAMILY LAW | ||
| 942 |
_2ddc _cBK _02 |
||
| 999 |
_c10843 _d10843 |
||